| 000 | 00843nam a2200205 a 4500 | ||
|---|---|---|---|
| 003 | 0 | ||
| 005 | 20250515112056.0 | ||
| 008 | 970101s19uu xx 00 eng d | ||
| 050 |
_aPHS LB 2343.32 _b.O34 2004 |
||
| 100 | _aOlegario, Junie Raisa P. | ||
| 245 |
_aA Comparative study on the degree of influence of older sibling/s on the choice of University of their younger siblings / _cJunie Raisa P. Olegario. |
||
| 260 |
_aLas PiƱas City, Philippines : _bSouthville International School and Colleges, _c2004. |
||
| 300 |
_a31 pages : _billustrations ; _c28 cm. |
||
| 504 | _aIncludes bibliographical references. | ||
| 650 |
_aSiblings _xInfluence. |
||
| 650 |
_aCollege choice _xPsychological aspects. |
||
| 650 |
_aUniversities and colleges _xAdmission _vDecision making. |
||
| 650 |
_aFamily _xInfluence on education. |
||
| 942 |
_2lcc _cPASS |
||
| 999 |
_c97143 _d97143 |
||